Southeast Asia : a region in transition : a thematic human geography of the ASEAN region

Saved in:
Bibliographic Details
Main Author: Rigg, Jonathan 1959-
Format: Book
Language:English
Published: London; New York : Routledge, 1990
Subjects:
Tags: Add Tag
No Tags, Be the first to tag this record!

MARC

LEADER 00000nam a2200000 i 4500
001 1/96459
008 980727s1994 eng d
020 |a 0-415-11938-3 
035 |l 10010189 
040 |a GR-MY-UA  |b gre  |e aacr 
041 0 |a eng 
082 0 |a 959.053 
100 1 |a Rigg, Jonathan  |d 1959- 
245 1 0 |a Southeast Asia :  |b a region in transition : a thematic human geography of the ASEAN region /  |c Jonathan Rigg 
260 |a London; New York :   |b Routledge,   |c 1990 
300 |a 267 p. 
504 |a Includes bibliographical references and index 
650 0 0 |a Human geography  |z Asia, Southeastern. 
651 0 |a Asia, Southeastern  |x Geography. 
651 0 |a Asia, Southeastern  |x Economic conditions. 
852 |a INST  |b LESVOS  |e 19980727  |h 959.053 RIG  |p 005100015688  |q 005100015688  |t BK  |y 0 
901 |a BIBL-1998-2 
909 |a Λ  |b 037063 
922 |a 1ΕΛΗ  |b 199421  |c ΠΠ/169 
950 |a 169-1994-09-06